Россия - Украина (Запись № 1297158)

Подробности
000 -МАРКЕР
контрольное поле 02034nam1a2200361 i 4500
001 - ИДЕНТИФИКАТОР ЗАПИСИ
контрольное поле RU\NLR\bibl\227115
005 - ИДЕНТИФИКАТОР ВЕРСИИ
контрольное поле 20260407071441.0
010 ## - МЕЖДУНАРОДНЫЙ СТАНДАРТНЫЙ НОМЕР КНИГИ (ISBN)
Номер (ISBN) 5-7133-1099-X
035 ## - ДРУГИЕ СИСТЕМНЫЕ НОМЕРА
Идентификатор записи (NLR Aleph) 000223105
100 ## - ДАННЫЕ ОБЩЕЙ ОБРАБОТКИ
Данные общей обработки 20020208d2001 u a0rusy50 ca
101 0# - ЯЗЫК РЕСУРСА
Язык текста, звукозаписи и т.д. русский
102 ## - СТРАНА ПУБЛИКАЦИИ ИЛИ ПРОИЗВОДСТВА
Страна публикации Российская Федерация
105 ## - ПОЛЕ КОДИРОВАННЫХ ДАННЫХ: ТЕКСТОВЫЕ МАТЕРИАЛЫ, МОНОГРАФИЧЕСКИЕ
Кодированные данные о монографическом текстовом документе ||||s |||||
200 1# - ЗАГЛАВИЕ И СВЕДЕНИЯ ОБ ОТВЕТСТВЕННОСТИ
Основное заглавие Россия - Украина
Сведения, относящиеся к заглавию Док. и материалы
-- [В 2 кн.]
Первые сведения об ответственности М-во иностр. дел Рос. Федерации, М-во иностр. дел Украины
Последующие сведения об ответственности [Редкол.: Чалый А.А. (отв. ред.) и др.]
210 ## - ПУБЛИКАЦИЯ, РАСПРОСТРАНЕНИЕ И ДР.
Место издания, распространения и т.д. М.
Имя издателя, распространителя и т. д. Междунар. отношения
Дата издания, распространения и т.д. 2001
215 ## - ФИЗИЧЕСКАЯ ХАРАКТЕРИСТИКА
Размеры 22
463 #0 - УРОВЕНЬ ФИЗИЧЕСКОЙ ЕДИНИЦЫ
Встроенное поле 001224471
463 #0 - УРОВЕНЬ ФИЗИЧЕСКОЙ ЕДИНИЦЫ
Встроенное поле 001224473
607 ## - ГЕОГРАФИЧЕСКОЕ НАИМЕНОВАНИЕ КАК ПРЕДМЕТ
Географическое наименование Российская Федерация
Формальный подзаголовок Документы и материалы
Тематический подзаголовок Взаимоотношения с Украиной
Системный номер авторитетной/нормативной записи 2166036
Идентификатор авторитетной/нормативной записи RU\NLR\auth\661303277
607 ## - ГЕОГРАФИЧЕСКОЕ НАИМЕНОВАНИЕ КАК ПРЕДМЕТ
Географическое наименование Российская Федерация
Формальный подзаголовок Документы и материалы
Тематический подзаголовок Взаимоотношения
Географический подзаголовок Украина
Системный номер авторитетной/нормативной записи 2233486
Идентификатор авторитетной/нормативной записи RU\NLR\auth\661340502
607 ## - ГЕОГРАФИЧЕСКОЕ НАИМЕНОВАНИЕ КАК ПРЕДМЕТ
Географическое наименование Украина
Формальный подзаголовок Документы и материалы
Тематический подзаголовок Взаимоотношения с Российской Федерацией
Системный номер авторитетной/нормативной записи 2166039
Идентификатор авторитетной/нормативной записи RU\NLR\auth\661303279
607 ## - ГЕОГРАФИЧЕСКОЕ НАИМЕНОВАНИЕ КАК ПРЕДМЕТ
Географическое наименование Украина
Формальный подзаголовок Документы и материалы
Тематический подзаголовок Взаимоотношения
Географический подзаголовок Российская Федерация
Системный номер авторитетной/нормативной записи 2233485
Идентификатор авторитетной/нормативной записи RU\NLR\auth\661340501
686 ## - ИНДЕКСЫ ДРУГИХ КЛАССИФИКАЦИЙ
Индекс Т3(2)74-64(2Ук)
686 ## - ИНДЕКСЫ ДРУГИХ КЛАССИФИКАЦИЙ
Индекс Т3(2Ук)74-64(2)
702 #1 - ИМЯ ЛИЦА - ВТОРИЧНАЯ ОТВЕТСТВЕННОСТЬ
Начальный элемент ввода Чалый
Часть имени, кроме начального элемента ввода А. А.
Расширение инициалов личного имени Александр Александрович
Код отношения Редактор
712 01 - НАИМЕНОВАНИЕ ОРГАНИЗАЦИИ - ВТОРИЧНАЯ ОТВЕТСТВЕННОСТЬ
Код отношения Прочие
Начальный элемент ввода Российская Федерация
Структурное подразделение Министерство иностранных дел
Идентификатор авторитетной/нормативной записи RU\NLR\AUTH\889986545
Системный номер авторитетной/нормативной записи 468766
712 01 - НАИМЕНОВАНИЕ ОРГАНИЗАЦИИ - ВТОРИЧНАЯ ОТВЕТСТВЕННОСТЬ
Код отношения Прочие
Начальный элемент ввода Украина
Структурное подразделение Министерство иностранных дел
Идентификатор авторитетной/нормативной записи RU\NLR\AUTH\8810035028
Системный номер авторитетной/нормативной записи 568252
801 #0 - ИСТОЧНИК ЗАПИСИ
Страна Российская Федерация
Организация NLR
Дата составления 20020208
Правила каталогизации PSBO
801 #1 - ИСТОЧНИК ЗАПИСИ
Страна Российская Федерация
Организация NLR
Дата составления 20020208
852 ## - МЕСТОНАХОЖДЕНИЕ И ШИФР ХРАНЕНИЯ
Идентификатор организации NLR
Шифр хранения (Call Number) 2002-5/415
942 ## - ДОПОЛНИТЕЛЬНЫЕ ЭЛЕМЕНТЫ ЗАПИСИ (АБИС)
Тип экземпляра АБИС Книга

Нет доступных экземпляров.